OPAC Home

Atlas of animal bones (Record no. 16493)

MARC details
000 -LEADER
fixed length control field 00423nam a2200169Ia 4500
008 - FIXED-LENGTH DATA ELEMENTS--GENERAL INFORMATION
fixed length control field 180921t xxu||||| |||| 00| 0 eng d
041 ## - LANGUAGE CODE
Language code of text/sound track or separate title English
080 ## - UNIVERSAL DECIMAL CLASSIFICATION NUMBER
Universal Decimal Classification number 591.471
Item number SCH
942 ## - ADDED ENTRY ELEMENTS (KOHA)
Koha item type Books
003 - CONTROL NUMBER IDENTIFIER
control field LK-CoDNM
040 ## - CATALOGING SOURCE
Original cataloging agency LK-CoDNM
Modifying agency LK-CoDNM
Description conventions LK-CoDNM
100 ## - MAIN ENTRY--PERSONAL NAME
Personal name Schmid, Elisabeth
245 ## - TITLE STATEMENT
Title Atlas of animal bones
260 ## - PUBLICATION, DISTRIBUTION, ETC. (IMPRINT)
Name of publisher, distributor, etc. Elsevier publishing company
Place of publication, distribution, etc. London
300 ## - PHYSICAL DESCRIPTION
Extent 153p., ill., 29 cm
650 ## - SUBJECT ADDED ENTRY--TOPICAL TERM
Topical term or geographic name as entry element Zoology
Holdings
Withdrawn status Lost status Damaged status Not for loan Collection code Permanent Location Current Location Date acquired Full call number Koha item type
        Science Library National Museum Colombo - Sri Lanka Library National Museum Colombo - Sri Lanka 2023-06-11 591.471 SCH Books
        Science Library National Museum Colombo - Sri Lanka Library National Museum Colombo - Sri Lanka 2023-06-11 591.471 SCH Books
        Science Library National Museum Colombo - Sri Lanka Library National Museum Colombo - Sri Lanka 2023-06-11 591.471 SCH Books
Copyright © 2023 Department of National Museum, Colombo 07, Sri Lanka Funded by UNESCO IFAP UNESCO